000 00549nam a2200145 4500
999 _c11033
_d11033
008 181008b ||||| |||| 00| 0 eng d
022 _a2094-8042
082 _aDPer 370.105 M72 Jan-Dec 2011 v59-60
100 _931998
_aMullet, Valentina P.
245 _aCOMVOC- TV:
_bcomprehension and vocabulary development through the television/
_cValentina P. Mullet.
260 _aPhilippines:
_bIn the Grade School, Inc.,
_cc2011.
300 _av60 n7, pages 295-296:
_billustrations;
_c27cm.
650 0 _931999
_aVocabulary
_xdevelopment
942 _2ddc
_cPER